Laddar...

Horticulture, agro-forestry and ecology

Bibliografiska uppgifter
Övriga upphovsmän: Manikya Kumari, K
Materialtyp: Printed Book
Publicerad: New Delhi Astha publishers and distributors 2016
Ämnen:
LEADER 00716nam a22002177a 4500
003 OSt
020 |a 9789382126898 
082 |a 635  |b MAN/HO 
245 |a Horticulture, agro-forestry and ecology 
260 |a New Delhi  |b Astha publishers and distributors  |c 2016 
300 |a ix, 182p 
546 |a English 
650 |a Edible flowers 
650 |a Environment and social sparks 
650 |a Bio fertilizers in forestry 
650 |a Alternative bio fuel 
650 |a Organic farming 
700 |a Manikya Kumari, K 
942 |2 ddc  |c BK 
999 |c 155072  |d 155072 
952 |0 0  |1 0  |2 ddc  |4 0  |6 635_000000000000000_MANHO  |7 0  |8 Gen  |9 154148  |a KAUCLV  |b KAUCLV  |c GENERAL  |d 2017-03-28  |g 995.00  |o 635 MAN/HO  |p 226059  |r 2017-03-28  |w 2017-03-28  |y BK